[Event "Heusenstamm Sparkassen op U14 2nd"]
[Site "Heusenstamm"]
[Date "2015.11.27"]
[Round "5"]
[White "Papadopoulos, Leon"]
[Black "Werner, Rosalie"]
[Result "1-0"]
[WhiteElo "849"]
[BlackElo "794"]
[PlyCount "57"]
[EventDate "2015.11.27"]
[EventType "swiss"]
[EventRounds "5"]
[EventCountry "GER"]
[SourceTitle "EXT 2018"]
[Source "ChessBase"]
[SourceDate "2017.10.13"]
[SourceVersion "1"]
[SourceVersionDate "2017.10.13"]
[SourceQuality "1"]

1. e4 e5 2. Nf3 Nc6 3. Bc4 Bc5 4. c3 Nf6 5. d3 h6 6. 0-0 d6 7. Re1 Bg4 8. h3 Bh5 9. Nbd2 Qe7 10. Nf1 a6 11. Ng3 Bg6 12. Be3 Bxe3 13. fxe3 Nh5 14. Nf5 Qd7 15. N3h4 0-0-0 16. d4 Bxf5 17. exf5 g6 18. Nxg6 fxg6 19. Be6 Qxe6 20. fxe6 Rhf8 21. Rf1 Rfe8 22. Rf7 Rxe6 23. Rh7 Ng3 24. Qg4 Nf5 25. e4 Rf6 26. exf5 gxf5 27. Qg7 Kb8 28. Qxc7+ Ka8 29. Qxb7# 1-0

[Event "Hessen-ch U12"]
[Site "Bad Homburg"]
[Date "2015.04.01"]
[Round "3"]
[White "Kotliarevski, Dennis"]
[Black "Papadopoulos, Leon"]
[Result "1-0"]
[WhiteElo "1581"]
[BlackElo "911"]
[PlyCount "47"]
[EventDate "2015.03.30"]
[EventType "swiss"]
[EventRounds "9"]
[EventCountry "GER"]
[SourceTitle "EXT 2017"]
[Source "ChessBase"]
[SourceDate "2016.10.25"]
[SourceVersion "1"]
[SourceVersionDate "2016.10.25"]
[SourceQuality "1"]

1. e4 e5 2. Nf3 Nc6 3. Bc4 Bc5 4. d3 Nf6 5. Bg5 d6 6. Nc3 Bg4 7. h3 Bh5 8. Nd5 Nd4 9. Bxf6 gxf6 10. g4 Nxf3+ 11. Qxf3 Bg6 12. h4 f5 13. gxf5 c6 14. fxg6 hxg6 15. Nf6+ Kf8 16. 0-0-0 b5 17. Bb3 a5 18. a3 b4 19. a4 Qe7 20. Rdg1 g5 21. hxg5 Rxh1 22. Rxh1 Kg7 23. Qh5 Rh8 24. Qxh8+ 1-0

[Event "Hessen-ch U12"]
[Site "Bad Homburg"]
[Date "2015.04.01"]
[Round "4"]
[White "Papadopoulos, Leon"]
[Black "Koepke, Carolina"]
[Result "1/2-1/2"]
[WhiteElo "911"]
[BlackElo "790"]
[PlyCount "192"]
[EventDate "2015.03.30"]
[EventType "swiss"]
[EventRounds "9"]
[EventCountry "GER"]
[SourceTitle "EXT 2017"]
[Source "ChessBase"]
[SourceDate "2016.10.25"]
[SourceVersion "1"]
[SourceVersionDate "2016.10.25"]
[SourceQuality "1"]

1. e4 e5 2. Nf3 Nc6 3. Bc4 Nf6 4. Ng5 Qe7 5. Bxf7+ Kd8 6. Nc3 h6 7. Nd5 Qd6 8. Nxf6 Qxf6 9. Qh5 Be7 10. Nf3 d6 11. d3 Rf8 12. Bd5 Nd4 13. Be3 Nxc2+ 14. Kd1 Nxa1 15. Nd2 Be6 16. Bxb7 Rb8 17. Bc6 Rxb2 18. Qe2 Rb6 19. Bxb6 axb6 20. Rf1 Bxa2 21. d4 exd4 22. Qa6 Qe6 23. f4 Bb3+ 24. Ke2 Nc2 25. f5 Nb4 26. Qa3 Qc8 27. Nxb3 Nc2 28. Rc1 Nxa3 29. Ra1 Qa6+ 30. Kf3 d5 31. Ra2 Qc4 32. Bxd5 Qc3+ 33. Kf2 c6 34. Be6 c5 35. Rxa3 c4 36. Ra8+ Kc7 37. Ra7+ Kd6 38. Rd7+ Ke5 39. Rxe7 Qxb3 40. Bxc4+ Kd6 41. Bxb3 Kxe7 42. g4 Rd8 43. h4 d3 44. Ke1 d2+ 45. Kd1 Kf6 46. Ke2 Ke5 47. g5 hxg5 48. hxg5 Kxe4 49. f6 gxf6 50. gxf6 Rd3 51. Bc2 Ke5 52. f7 Rd8 53. Kd1 b5 54. Bd3 b4 55. Bc4 Kd4 56. Ba2 Kc3 57. Be6 Rb8 58. Bf5 b3 59. Bg6 b2 60. Ke2 Rd8 61. Kd1 Rh8 62. Be4 Rd8 63. Bf5 Ra8 64. Ke2 Ra1 65. f8Q d1Q+ 66. Ke3 Qe1+ 67. Kf4 Ra4+ 68. Kg5 Qg1+ 69. Kf6 Qd4+ 70. Kg6 Ra6+ 71. Kh7 Rf6 72. Qa3+ Kd2 73. Qa5+ Qc3 74. Qd5+ Ke3 75. Qe4+ Kd2 76. Qg2+ Ke3 77. Qg5+ Kf2 78. Qf4+ Qf3 79. Qd4+ Kg2 80. Be4 Qxe4+ 81. Qxe4+ Rf3 82. Qb1 Rf7+ 83. Kg6 Rf2 84. Kg5 Kf3 85. Kf5 Kg2+ 86. Kg4 Rd2 87. Qe4+ Kf2 88. Kf4 Re2 89. Qf3+ Ke1 90. Qc3+ Kd1 91. Qd3+ Rd2 92. Qb1+ Ke2 93. Ke4 Kf2 94. Ke5 Re2+ 95. Kd4 Rd2+ 96. Kc3 Re2 1/2-1/2